00641nam a2200181Ia 4500008004100000020001500041041000800056082001600064100002100080245010100101260005300202300001700255365001100272650002500283906001800308999001900326952011400345210719s1988 xx 000 0 und d a0876925980 aeng a338.91 BROS aBROWN (Lester R) aState of the world 1988: a worldwatch institute report on progress toward a sustainable society. aNDbPrentice-Hall of India Private Limitedc1988 axvii,237bHB b75cRs aEconomic Development aWorld economy c212115d212115 001040708EconomicsaALbALd2005-05-18g75.00l0o338.91 BROSpD00006r2021-07-19 00:00:00w2021-07-19yDB